K některým otázkám společného podnikání se zahraničními subjekty.

Praktické rady k zakladaniu podniku so zahraničnou majetkovou účasťou. Právne otázky zakladania a činnosti akciových spoločností. Postavenie a význam štátnych podnikov ako subjektov v nových ekonomických podmienkach a medzinárodnej spolupráci. Koncesný a normatívny princíp zakladania akciových spolo...

Descrizione completa

Salvato in:
Dettagli Bibliografici
Autore principale: Knotek, J.
Altri autori: Marek, K.
Natura: Capitolo di libro
Lingua:ceco
Soggetti:
Tags: Aggiungi Tag
Nessun Tag, puoi essere il primo ad aggiungerne!!

MARC

LEADER 00000naa a2200000 4500
001 r005564
005 20220819180835.5
041 0 |a cze 
044 |a [CS] 
245 1 0 |a K některým otázkám společného podnikání se zahraničními subjekty.  |c J. Knotek, K. Marek 
520 |a Praktické rady k zakladaniu podniku so zahraničnou majetkovou účasťou. Právne otázky zakladania a činnosti akciových spoločností. Postavenie a význam štátnych podnikov ako subjektov v nových ekonomických podmienkach a medzinárodnej spolupráci. Koncesný a normatívny princíp zakladania akciových spoločností. Ustanovenia o zriaďovaní a činnosti medzinárodných hospod. organizácií - ich formy a funkcie. 
610 2 0 |a podnik spoločný 
610 2 0 |a kapitál zahraničný 
610 2 0 |a predpisy právne 
610 2 0 |a podnik štátny 
610 2 0 |a spolupráca hospodárska medzinárodná 
610 2 0 |a spoločnosti akciové 
610 2 0 |a joint ventures 
100 1 |a Knotek, J. 
700 1 |a Marek, K.